[Event "Satka-255"]
[Site "Satka"]
[Date "2013.07.07"]
[Round "7"]
[White "Khazov, Anton"]
[Black "Mikhailov, Vladimir"]
[Result "1-0"]
[WhiteElo "1976"]
[BlackElo "1872"]
[PlyCount "79"]
[EventDate "2013.??.??"]
[EventType "swiss"]
[EventCountry "RUS"]
[SourceDate "2005.09.12"]

1. Nf3 c5 2. g3 g6 3. Bg2 Bg7 4. c4 Nc6 5. Nc3 d6 6. O-O e5 7. d3 Nge7 8. Ne1
O-O 9. Nc2 Be6 10. Ne3 Qd7 11. Ned5 Rab8 12. e3 a6 13. a4 a5 14. Nb6 Qd8 15.
Qb3 Nb4 16. Ncd5 Nc8 17. Nxc8 Bxc8 18. Bd2 b6 19. Bxb4 cxb4 20. Rad1 Kh8 21. h3
Bb7 22. d4 exd4 23. exd4 Bxd5 24. Bxd5 Qf6 25. Rd3 Rbe8 26. Qc2 Re7 27. Rfd1
Qf5 28. Kg2 Bh6 29. Qb3 Qc8 30. Bf3 Rfe8 31. Bd5 f5 32. Bf3 Bg5 33. c5 bxc5 34.
dxc5 dxc5 35. Qc4 Bf6 36. Rd6 Bxb2 37. Bc6 Rf8 38. Qxc5 Qc7 39. Rd7 Qe5 40.
Qxe7 1-0

[Event "Satka-255"]
[Site "Satka"]
[Date "2013.07.07"]
[Round "7"]
[White "Litvinenko, Ekaterina"]
[Black "Kurshev, Nikita"]
[Result "1-0"]
[WhiteElo "1933"]
[BlackElo "1822"]
[PlyCount "99"]
[EventDate "2013.??.??"]
[EventType "swiss"]
[EventCountry "RUS"]
[SourceDate "2005.09.12"]

1. e4 e6 2. d4 d5 3. e5 c5 4. c3 Qb6 5. Nf3 Bd7 6. a3 a5 7. Bd3 c4 8. Bc2 a4 9.
Ng5 Be7 10. Qg4 Bxg5 11. Qxg5 g6 12. h4 h5 13. Bxg6 fxg6 14. Qxg6+ Kf8 15. Rh3
Be8 16. Rf3+ Ke7 17. Qg7+ Kd8 18. Qxh8 Ne7 19. Rf8 Qc6 20. Bg5 Qd7 21. Bxe7+
Qxe7 22. Qf6 Nc6 23. Nd2 b5 24. g4 hxg4 25. h5 Ra7 26. h6 Rd7 27. Qxe7+ Rxe7
28. O-O-O Rh7 29. Rh1 Ne7 30. Nf1 Nf5 31. Ng3 Rxh6 32. Rxh6 Nxh6 33. Rf6 Nf7
34. Rxe6 Kd7 35. Rf6 Kd8 36. Nf5 Ng5 37. Rf8 Ne6 38. Rg8 Kd7 39. Rxg4 Bh5 40.
Rh4 Bg6 41. Ne3 Nc7 42. Rh6 Be4 43. f4 Ne6 44. f5 Nf4 45. Rd6+ Ke7 46. f6+ Kf7
47. Rd7+ Ke8 48. Rb7 Nd3+ 49. Kd2 Nf4 50. e6 1-0

[Event "Satka-255"]
[Site "Satka"]
[Date "2013.07.07"]
[Round "7"]
[White "Buldakova, Irina"]
[Black "Leolko, Ludmila"]
[Result "1/2-1/2"]
[WhiteElo "1726"]
[BlackElo "1792"]
[PlyCount "88"]
[EventDate "2013.??.??"]
[EventType "swiss"]
[EventCountry "RUS"]
[SourceDate "2005.09.12"]

1. e4 c5 2. g3 d6 3. Bg2 Nc6 4. d3 g6 5. f4 Bg7 6. Nf3 e6 7. c3 Nge7 8. O-O O-O
9. Na3 a6 10. Nc2 f5 11. Re1 e5 12. Be3 Qc7 13. Qd2 Rb8 14. Bf2 b6 15. Rad1
exf4 16. gxf4 b5 17. a3 a5 18. b4 axb4 19. axb4 cxb4 20. cxb4 Ra8 21. Ncd4 Nxd4
22. Nxd4 fxe4 23. dxe4 Rb8 24. Rc1 Qd7 25. Rc3 Qg4 26. Bg3 h5 27. Bf3 Qd7 28.
Rec1 Qa7 29. Bf2 Qa6 30. Rc7 Rb7 31. Rxb7 Bxb7 32. Ne6 Rc8 33. Rxc8+ Bxc8 34.
Nxg7 Kxg7 35. Bd4+ Kh7 36. Qc3 Qc6 37. Qb2 Qc4 38. Qc3 Be6 39. Bh8 Qxc3 40.
Bxc3 Bc4 41. Kf2 Kg8 42. Ke3 Kf7 43. Bg2 d5 44. Bh3 dxe4 1/2-1/2

[Event "Satka-255"]
[Site "Satka"]
[Date "2013.07.07"]
[Round "7"]
[White "Kuparev, Alexander"]
[Black "Soldatenkov, Anton"]
[Result "1/2-1/2"]
[WhiteElo "1804"]
[BlackElo "1796"]
[PlyCount "33"]
[EventDate "2013.??.??"]
[EventType "swiss"]
[EventCountry "RUS"]
[SourceDate "2005.09.12"]

1. e4 c5 2. Nf3 Nc6 3. d4 cxd4 4. Nxd4 Nf6 5. Nc3 d6 6. Bb5 Bd7 7. Bxc6 bxc6 8.
O-O e5 9. Nde2 Be7 10. f4 O-O 11. fxe5 dxe5 12. h3 Qb6+ 13. Kh1 Be6 14. b3 Rfd8
15. Qe1 h6 16. Qg3 Kh7 17. Be3 1/2-1/2

[Event "Satka-255"]
[Site "Satka"]
[Date "2013.07.08"]
[Round "8"]
[White "Matveev, Vladimir"]
[Black "Semenova, Alena"]
[Result "1-0"]
[WhiteElo "2345"]
[BlackElo "1951"]
[PlyCount "71"]
[EventDate "2013.??.??"]
[EventType "swiss"]
[EventCountry "RUS"]
[SourceDate "2005.09.12"]

1. d4 d5 2. c4 c6 3. Nf3 Nf6 4. Qc2 e6 5. Nbd2 Nbd7 6. g3 Bd6 7. Bg2 O-O 8. O-O
Re8 9. b3 e5 10. cxd5 cxd5 11. dxe5 Nxe5 12. Bb2 Nc6 13. Rfe1 Bd7 14. Rac1 Rc8
15. Qb1 h6 16. e3 Qe7 17. Nd4 Bb4 18. Red1 Bg4 19. N2f3 Ne4 20. Nxc6 bxc6 21.
Qd3 Bd6 22. Rf1 Bxf3 23. Bxf3 Ng5 24. Bg2 Rc7 25. Qd4 Ne6 26. Qa4 Nc5 27. Qg4
Qg5 28. Qxg5 hxg5 29. Ba3 Nb7 30. Bxd6 Nxd6 31. Bxd5 Rec8 32. Bg2 Nb7 33. Rfd1
Kf8 34. Rd4 f6 35. Ra4 Nd6 36. Ra6 1-0

[Event "Satka-255"]
[Site "Satka"]
[Date "2013.07.08"]
[Round "8"]
[White "Baigildin, Albert"]
[Black "Looshnikov, Nikolai"]
[Result "0-1"]
[WhiteElo "2191"]
[BlackElo "2491"]
[PlyCount "38"]
[EventDate "2013.??.??"]
[EventType "swiss"]
[EventCountry "RUS"]
[SourceDate "2005.09.12"]

1. e4 e6 2. d4 d5 3. exd5 exd5 4. c4 Nf6 5. Nc3 Bb4 6. Nf3 O-O 7. Be2 dxc4 8.
O-O Nc6 9. Bxc4 Bg4 10. Bg5 h6 11. Bh4 Be7 12. Be2 Bxf3 13. Bxf3 Nxd4 14. Bxb7
Rb8 15. Ba6 Rxb2 16. Rc1 Nf5 17. Bxf6 Bxf6 18. Nd5 Bg5 19. Rxc7 Rd2 0-1

[Event "Satka-255"]
[Site "Satka"]
[Date "2013.07.08"]
[Round "8"]
[White "Shelokov, Valery"]
[Black "Panov, Maksim"]
[Result "1/2-1/2"]
[WhiteElo "1982"]
[BlackElo "2093"]
[PlyCount "104"]
[EventDate "2013.??.??"]
[EventType "swiss"]
[EventCountry "RUS"]
[SourceDate "2005.09.12"]

1. e4 d5 2. exd5 Nf6 3. Bb5+ Bd7 4. Bc4 Bg4 5. f3 Bc8 6. Nc3 Nbd7 7. Nge2 Nb6
8. d3 Nbxd5 9. O-O e6 10. Bb3 Be7 11. Ne4 O-O 12. c4 Nxe4 13. fxe4 Nb4 14. d4
e5 15. a3 Na6 16. d5 Nc5 17. Bc2 a5 18. Be3 Bg4 19. h3 Bxe2 20. Qxe2 b6 21. Qg4
Qd6 22. Qg3 a4 23. Kh1 Nd7 24. Rf5 Qg6 25. Qf2 f6 26. Rd1 Qe8 27. Qe2 Bc5 28.
Rf2 Qe7 29. Qd3 Rfd8 30. Rfd2 Qd6 31. Qe2 Bxe3 32. Qxe3 Nc5 33. Qf3 Nb7 34. Rf2
Qc5 35. Qg3 Kh8 36. Bd3 Na5 37. Rc2 Nb3 38. Rf1 Qd4 39. Qf3 Ra5 40. g4 Qc5 41.
Rcf2 Nd4 42. Qg3 Qe7 43. g5 Rf8 44. Qh4 Raa8 45. gxf6 Rxf6 46. Rxf6 gxf6 47.
Qxf6+ Qxf6 48. Rxf6 Kg7 49. Rf2 Rf8 50. Rxf8 Kxf8 51. Kg2 Kg7 52. Bf1 Nb3
1/2-1/2

[Event "Satka-255"]
[Site "Satka"]
[Date "2013.07.08"]
[Round "8"]
[White "Imashev, Ildar"]
[Black "Pleshakov, Anton"]
[Result "0-1"]
[WhiteElo "2273"]
[BlackElo "2071"]
[PlyCount "150"]
[EventDate "2013.??.??"]
[EventType "swiss"]
[EventCountry "RUS"]
[SourceDate "2005.09.12"]

1. e4 c5 2. Nf3 e6 3. d4 cxd4 4. Nxd4 Nc6 5. Nb5 d6 6. Bf4 e5 7. Be3 Nf6 8. Bg5
a6 9. Bxf6 gxf6 10. N5c3 f5 11. Bc4 Qg5 12. g3 Be6 13. h4 Qg6 14. h5 Qg5 15.
Nd5 O-O-O 16. Nd2 Bh6 17. exf5 Qxf5 18. Rh4 Kb8 19. Bd3 Qg5 20. Be4 f5 21. Bg2
Rhg8 22. c3 f4 23. Ne4 Qxh4 24. gxh4 Rxg2 25. Kf1 Rdg8 26. Ng5 Bxg5 27. Kxg2
Bxh4+ 28. Kh2 Bxf2 29. Nf6 Rd8 30. Ne4 Bb6 31. Ng5 Bg8 32. Qg4 d5 33. Rd1 Re8
34. Qd7 Rd8 35. Qg7 Bc7 36. Nf7 Bxf7 37. Qxf7 e4 38. Rxd5 e3 39. Kg2 Rxd5 40.
Qxd5 Ne5 41. Qe4 f3+ 42. Kf1 e2+ 43. Kf2 h6 44. a4 Ka7 45. a5 Ka8 46. b4 Ka7
47. Qf5 Bd8 48. Qe4 Ka8 49. Qd4 Bg5 50. Qxe5 Bh4+ 51. Kxf3 e1=Q 52. Qh8+ Ka7
53. Qd4+ Kb8 54. Qf4+ Kc8 55. Qc4+ Kd8 56. Qd5+ Ke8 57. Qg8+ Ke7 58. Qg7+ Kd8
59. Qd4+ Ke8 60. Qh8+ Kd7 61. Qd4+ Ke6 62. Qb6+ Kf5 63. Qc5+ Qe5 64. Qc8+ Kf6
65. Qd8+ Qe7 66. Qh8+ Kf7 67. Qh7+ Ke8 68. Qxh6 Qf6+ 69. Qxf6 Bxf6 70. c4 Bc3
71. b5 axb5 72. cxb5 Bxa5 73. Ke4 b6 74. Kf5 Kf7 75. Kg5 Ke6 0-1

[Event "Satka-255"]
[Site "Satka"]
[Date "2013.07.08"]
[Round "8"]
[White "Kanakin, Konstantin"]
[Black "Myakota, Sergei"]
[Result "0-1"]
[WhiteElo "1987"]
[BlackElo "2049"]
[PlyCount "30"]
[EventDate "2013.??.??"]
[EventType "swiss"]
[EventCountry "RUS"]
[SourceDate "2005.09.12"]

1. d4 Nf6 2. c4 g6 3. Nc3 Bg7 4. e4 d6 5. f4 O-O 6. Nf3 c5 7. d5 e6 8. Be2 exd5
9. cxd5 Re8 10. Nd2 Na6 11. O-O Nc7 12. Re1 b5 13. Nxb5 Nxe4 14. Nxc7 Bd4+ 15.
Kf1 Qh4 0-1

[Event "Satka-255"]
[Site "Satka"]
[Date "2013.07.08"]
[Round "8"]
[White "Sofyin, Pavel"]
[Black "Ivanov, Stepan"]
[Result "1-0"]
[WhiteElo "2026"]
[BlackElo "2021"]
[PlyCount "85"]
[EventDate "2013.??.??"]
[EventType "swiss"]
[EventCountry "RUS"]
[SourceDate "2005.09.12"]

1. e4 c5 2. Nf3 d6 3. d4 cxd4 4. Nxd4 Nf6 5. Nc3 a6 6. Bg5 e6 7. f4 Qc7 8. Qe2
Nbd7 9. O-O-O Be7 10. g4 b5 11. a3 h6 12. Bxf6 Nxf6 13. Bg2 Bb7 14. e5 dxe5 15.
Ndxb5 Qb6 16. fxe5 axb5 17. Bxb7 Qxb7 18. exf6 b4 19. Qb5+ Qxb5 20. Nxb5 Bd8
21. fxg7 Rg8 22. axb4 Rxg7 23. h3 Rg5 24. Nd6+ Ke7 25. c3 h5 26. Ne4 Re5 27.
Rhe1 hxg4 28. hxg4 Bb6 29. Kc2 Rh8 30. c4 Rh4 31. c5 Rxg4 32. Nc3 Bc7 33. Kb3
f5 34. Rxe5 Bxe5 35. Re1 Bd4 36. Nb5 Rg3+ 37. Kc4 Bxb2 38. c6 Bf6 39. c7 Kd7
40. Rxe6 Rg4+ 41. Kc5 Rg6 42. Rd6+ Kc8 43. Kc6 1-0

[Event "Satka-255"]
[Site "Satka"]
[Date "2013.07.08"]
[Round "8"]
[White "Vaseptsov, Maxim"]
[Black "Povolotsky, Evgeny"]
[Result "1/2-1/2"]
[WhiteElo "2207"]
[BlackElo "2079"]
[PlyCount "143"]
[EventDate "2013.??.??"]
[EventType "swiss"]
[EventCountry "RUS"]
[SourceDate "2005.09.12"]

1. e4 c5 2. Nf3 e6 3. d4 cxd4 4. Nxd4 a6 5. Bd3 Nf6 6. O-O Qc7 7. Nc3 d6 8. Kh1
b5 9. a3 Bb7 10. f4 Nbd7 11. Qf3 g6 12. Bd2 Bg7 13. Rae1 O-O 14. Qh3 Rae8 15.
Nf3 e5 16. fxe5 Nxe5 17. Bh6 Qd7 18. Qh4 Qg4 19. Qxg4 Nfxg4 20. Bxg7 Kxg7 21.
Kg1 Re7 22. Nd4 Rfe8 23. h3 Nf6 24. Re2 d5 25. exd5 Nxd3 26. cxd3 Rxe2 27.
Ncxe2 Nxd5 28. Kf2 f5 29. Rc1 Kf6 30. b4 Ke5 31. Nb3 Rd8 32. Re1 Kd6 33. Ned4
Nc7 34. Nc5 Bd5 35. Rc1 Ra8 36. Ndb3 Ne6 37. Rc2 Nf4 38. Kg3 Nxd3 39. Nxd3 Bxb3
40. Rd2 Bg8 41. Kf4 a5 42. Ne5+ Ke6 43. Nc6 axb4 44. axb4 Kf6 45. h4 Re8 46.
Rd4 Bc4 47. Na5 Be6 48. Nb7 h6 49. Nc5 g5+ 50. hxg5+ hxg5+ 51. Kf3 Ke5 52. Rd1
Bd5+ 53. Kf2 Rd8 54. Re1+ Be4 55. g4 Rd4 56. gxf5 Kxf5 57. Ke3 Rxb4 58. Rf1+
Ke5 59. Rg1 Bf5 60. Rxg5 Rc4 61. Nd3+ Kf6 62. Rg3 Ra4 63. Kd2 Ra3 64. Re3 Ra4
65. Kc3 Rc4+ 66. Kb3 Be6 67. Kb2 b4 68. Nc1 Ke7 69. Re2 Kd6 70. Rh2 Rg4 71. Re2
Rg3 72. Rh2 1/2-1/2

[Event "Satka-255"]
[Site "Satka"]
[Date "2013.07.08"]
[Round "8"]
[White "Tsvetkov, Pavel"]
[Black "Gabaidulina, Olga"]
[Result "1/2-1/2"]
[WhiteElo "2123"]
[BlackElo "1892"]
[PlyCount "128"]
[EventDate "2013.??.??"]
[EventType "swiss"]
[EventCountry "RUS"]
[SourceDate "2005.09.12"]

1. e4 e5 2. Nf3 Nc6 3. Bc4 d6 4. c3 Be7 5. d3 Nf6 6. b4 O-O 7. Qb3 Nd7 8. Qc2
Nb6 9. Bb3 a5 10. b5 a4 11. Bxa4 Nxa4 12. bxc6 bxc6 13. Nbd2 c5 14. Nc4 Be6 15.
Ne3 c6 16. O-O Qc7 17. d4 exd4 18. cxd4 d5 19. Ba3 dxe4 20. Qxe4 Nc3 21. Qd3
Rxa3 22. Nc2 c4 23. Qd2 Ne4 24. Qe2 Bd5 25. Nxa3 Bxa3 26. Ne5 c3 27. Qc2 Qa7
28. Rad1 Bb2 29. Rfe1 Nf6 30. Qf5 Qa4 31. Nd3 Be4 32. Qc5 c2 33. Rd2 Bxd3 34.
Rxd3 c1=R 35. Rxc1 Bxc1 36. Qxc1 Qxa2 37. Rc3 Ne4 38. Rc2 Qd5 39. Rxc6 Qxd4 40.
Qc2 Qa1+ 41. Qc1 Qxc1+ 42. Rxc1 g6 43. Rc4 Rd8 44. g3 Nf6 45. Rc2 Kg7 46. Kg2
Rd3 47. h4 Nd5 48. Ra2 h5 49. Rb2 Kf6 50. Ra2 Ke5 51. Re2+ Kd4 52. Ra2 f6 53.
Ra7 Rd2 54. Kf3 g5 55. g4 Rd3+ 56. Ke2 Nc3+ 57. Kf1 gxh4 58. gxh5 h3 59. Kg1
Ne4 60. h6 Ng5 61. h7 Nxh7 62. Rxh7 Rf3 63. Rh4+ Kd3 64. Rh8 Ke4 1/2-1/2

[Event "Satka-255"]
[Site "Satka"]
[Date "2013.07.08"]
[Round "8"]
[White "Kazantsev, Nikita"]
[Black "Khafizova, Yana"]
[Result "1/2-1/2"]
[WhiteElo "1951"]
[BlackElo "1938"]
[PlyCount "66"]
[EventDate "2013.??.??"]
[EventType "swiss"]
[EventCountry "RUS"]
[SourceDate "2005.09.12"]

1. e4 e5 2. Nf3 Nc6 3. Bc4 Nf6 4. Ng5 d5 5. exd5 Na5 6. d3 h6 7. Nf3 e4 8. Qe2
Qe7 9. dxe4 Nxc4 10. Qxc4 Nxe4 11. O-O Nd6 12. Qd4 Nf5 13. Qc4 Nd6 14. Qf4 Qd8
15. Re1+ Be7 16. Qe5 f6 17. Qh5+ Nf7 18. Qg6 O-O 19. c4 f5 20. Nc3 Bf6 21. Bf4
a5 22. Qg3 c6 23. Bc7 Qd7 24. dxc6 Qxc6 25. Nd5 Kh7 26. Rad1 a4 27. Ne7 Qxc4
28. Qg6+ Kh8 29. Nd5 Ra6 30. Qg3 Bxb2 31. Re7 Re6 32. Nf4 Qc2 33. Rf1 Rxe7
1/2-1/2

[Event "Satka-255"]
[Site "Satka"]
[Date "2013.07.08"]
[Round "8"]
[White "Vyalykh, Anastasiya"]
[Black "Polosin, Evgeni"]
[Result "1-0"]
[WhiteElo "1779"]
[BlackElo "2114"]
[PlyCount "85"]
[EventDate "2013.??.??"]
[EventType "swiss"]
[EventCountry "RUS"]
[SourceDate "2005.09.12"]

1. e4 e5 2. Nf3 Nc6 3. Bb5 Nge7 4. d4 exd4 5. Nxd4 a6 6. Ba4 d6 7. c3 Bd7 8.
O-O g6 9. Be3 Bg7 10. Nd2 O-O 11. N2f3 h6 12. Bc2 Kh7 13. Nxc6 bxc6 14. Bd4 c5
15. Bxg7 Kxg7 16. h3 Bc6 17. Re1 Rb8 18. b3 Ng8 19. Qd3 a5 20. Rad1 Ne7 21. e5
Bxf3 22. Qxf3 d5 23. Qe3 d4 24. cxd4 Nd5 25. Qd2 Nb4 26. dxc5 Qe7 27. a3 Rfd8
28. Qc3 Nxc2 29. Rxd8 Qxd8 30. Qxc2 Qd5 31. Re3 Rb5 32. Qb2 Kh7 33. e6 fxe6 34.
Qf6 Qf5 35. Qe7+ Kh8 36. Qe8+ Kg7 37. Qxb5 Qb1+ 38. Kh2 Qf5 39. Qd7+ Kf6 40.
Qxc7 Qd5 41. Rf3+ Kg5 42. Qf4+ Kh5 43. Qg4# 1-0

[Event "Satka-255"]
[Site "Satka"]
[Date "2013.07.08"]
[Round "8"]
[White "Bogachev, Victor"]
[Black "Litvinenko, Ekaterina"]
[Result "0-1"]
[WhiteElo "1932"]
[BlackElo "1933"]
[PlyCount "80"]
[EventDate "2013.??.??"]
[EventType "swiss"]
[EventCountry "RUS"]
[SourceDate "2005.09.12"]

1. e4 e5 2. Nf3 Nc6 3. Bb5 Bc5 4. O-O Nd4 5. Nxd4 Bxd4 6. c3 Bb6 7. d4 c6 8.
Ba4 d6 9. Be3 Nf6 10. Nd2 Ng4 11. h3 Nxe3 12. fxe3 O-O 13. Bb3 Qe7 14. Qh5 Be6
15. Rf2 Bxb3 16. axb3 exd4 17. exd4 g6 18. Qh6 c5 19. Rf4 cxd4 20. Rh4 dxc3+
21. Kh1 f6 22. bxc3 Qg7 23. Qxg7+ Kxg7 24. Nc4 g5 25. Rh5 Kg6 26. g4 Rad8 27.
Rd1 Rfe8 28. Rxd6 Rxe4 29. Rxd8 Bxd8 30. Nd6 Re5 31. h4 Bc7 32. Nc4 Re4 33.
hxg5 fxg5 34. Rh3 Rxg4 35. Rd3 Rf4 36. Ne3 h5 37. Nd5 Rf7 38. Re3 h4 39. Kg2 g4
40. Re4 h3+ 0-1

[Event "Satka-255"]
[Site "Satka"]
[Date "2013.07.08"]
[Round "8"]
[White "Soldatenkov, Anton"]
[Black "Muksimova, Oksana"]
[Result "1-0"]
[WhiteElo "1796"]
[BlackElo "1807"]
[PlyCount "77"]
[EventDate "2013.??.??"]
[EventType "swiss"]
[EventCountry "RUS"]
[SourceDate "2005.09.12"]

1. e4 e5 2. Nf3 Nf6 3. Nxe5 d6 4. Nf3 Nxe4 5. Nc3 Nxc3 6. dxc3 Be7 7. Be3 Nc6
8. Qd2 a6 9. Be2 Be6 10. h3 Qd7 11. Nd4 Nxd4 12. Bxd4 Rg8 13. g4 Bd5 14. Rg1
O-O-O 15. Bxg7 Bxa2 16. Qd4 c5 17. Qe4 Rde8 18. Rxa2 Bh4 19. Qxh7 Rxg7 20. Qd3
f6 21. Kf1 Rge7 22. Bf3 Re1+ 23. Kg2 Rxg1+ 24. Kxg1 Qe6 25. Ra1 Bg5 26. h4 Bf4
27. Bxb7+ Kxb7 28. Qxa6+ Kc7 29. Qa5+ Kd7 30. Qa4+ Ke7 31. Qxf4 Qd5 32. Ra7+
Ke6 33. Qe3+ Qe5 34. Qxe5+ Kxe5 35. Kg2 Rb8 36. b3 Rh8 37. Kg3 f5 38. f4+ Ke6
39. g5 1-0

[Event "Satka-255"]
[Site "Satka"]
[Date "2013.07.08"]
[Round "8"]
[White "Akhunova, Syumbel"]
[Black "Grigorieva, Yulia"]
[Result "1/2-1/2"]
[WhiteElo "1842"]
[BlackElo "1754"]
[PlyCount "109"]
[EventDate "2013.??.??"]
[EventType "swiss"]
[EventCountry "RUS"]
[SourceDate "2005.09.12"]

1. d4 d5 2. c4 c6 3. Nc3 Nf6 4. cxd5 cxd5 5. Bf4 Nc6 6. e3 a6 7. Bd3 e6 8. Rc1
Be7 9. Nf3 Bd7 10. O-O h6 11. h3 g5 12. Bh2 Rg8 13. Ne5 Bd6 14. Kh1 Qc7 15. Bb1
h5 16. e4 dxe4 17. Nxe4 Nxe4 18. Bxe4 g4 19. d5 Bxe5 20. dxc6 bxc6 21. f4 Bxb2
22. Rc2 Bf6 23. Qd3 a5 24. Rfc1 Rd8 25. Qe3 Rc8 26. Qd3 c5 27. f5 e5 28. Bg1
Be7 29. Qc4 gxh3 30. gxh3 Rg3 31. Kh2 h4 32. Bf2 Rg7 33. Rb1 Bc6 34. Kh1 Bxe4+
35. Qxe4 Qc6 36. Qxc6+ Rxc6 37. Rb8+ Kd7 38. Rd2+ Kc7 39. Rdb2 Kd7 40. R8b5 Ra6
41. Bxc5 Bxc5 42. Rxc5 Kd6 43. Rbb5 Rg3 44. Kh2 Ra3 45. Rxe5 Rxa2+ 46. Kg1 a4
47. Re4 a3 48. Rxh4 Ra8 49. Rh6+ Kc7 50. Rc5+ Kd7 51. Rd5+ Ke7 52. Rc5 Kd7 53.
Rd5+ Ke7 54. Rc5 Kd7 55. Rd5+ 1/2-1/2

[Event "Satka-255"]
[Site "Satka"]
[Date "2013.07.08"]
[Round "8"]
[White "Leolko, Ludmila"]
[Black "Fedotov, Danil"]
[Result "1-0"]
[WhiteElo "1792"]
[BlackElo "1802"]
[PlyCount "43"]
[EventDate "2013.??.??"]
[EventType "swiss"]
[EventCountry "RUS"]
[SourceDate "2005.09.12"]

1. e4 e5 2. Nf3 Nc6 3. d4 exd4 4. Nxd4 Bc5 5. Nb3 Bb6 6. Nc3 Qf6 7. Qe2 Nge7 8.
Be3 Nd4 9. Qd2 Nxb3 10. axb3 O-O 11. Be2 a6 12. O-O Bxe3 13. Qxe3 Rb8 14. Qc5
Nc6 15. Nd5 Qd4 16. Ne7+ Kh8 17. Ng6+ hxg6 18. Qxf8+ Kh7 19. Qxf7 Ne5 20. Qe8
d6 21. Bc4 g5 22. Qh5# 1-0

[Event "Satka-255"]
[Site "Satka"]
[Date "2013.07.08"]
[Round "8"]
[White "Kiseleva, Olga"]
[Black "Buldakova, Irina"]
[Result "1-0"]
[WhiteElo "1737"]
[BlackElo "1726"]
[PlyCount "53"]
[EventDate "2013.??.??"]
[EventType "swiss"]
[EventCountry "RUS"]
[SourceDate "2005.09.12"]

1. e4 c5 2. c3 d5 3. exd5 Qxd5 4. d4 Nf6 5. Nf3 Bg4 6. Be2 e6 7. h3 Bh5 8. O-O
Nc6 9. Be3 cxd4 10. Nxd4 Bxe2 11. Nxe2 Qxd1 12. Rxd1 Nd5 13. Bd4 f6 14. Nd2 e5
15. c4 Ndb4 16. Bc3 Rd8 17. a3 Nd3 18. Nb3 Be7 19. Nbc1 Nc5 20. Rxd8+ Bxd8 21.
b4 Ne4 22. Nb3 f5 23. b5 Nxc3 24. Nxc3 Nd4 25. Nxd4 exd4 26. Nd5 Be7 27. Re1
1-0

[Event "Satka-255"]
[Site "Satka"]
[Date "2013.07.08"]
[Round "8"]
[White "Mikhailov, Vladimir"]
[Black "Kuparev, Alexander"]
[Result "1-0"]
[WhiteElo "1872"]
[BlackElo "1804"]
[PlyCount "39"]
[EventDate "2013.??.??"]
[EventType "swiss"]
[EventCountry "RUS"]
[SourceDate "2005.09.12"]

1. e4 e5 2. Nf3 Nc6 3. Bb5 g6 4. O-O Bg7 5. c3 Nge7 6. d4 exd4 7. cxd4 O-O 8.
d5 Ne5 9. Nxe5 Bxe5 10. f4 Bg7 11. d6 Nc6 12. Kh1 Nd4 13. Bc4 cxd6 14. Be3 Nc6
15. Nc3 Ne7 16. Qxd6 b6 17. f5 gxf5 18. exf5 Bb7 19. f6 Nc8 20. Qg3 1-0

[Event "Satka-255"]
[Site "Satka"]
[Date "2013.07.08"]
[Round "8"]
[White "Allayarova, Lira"]
[Black "Akhunova, Narkas"]
[Result "1/2-1/2"]
[WhiteElo "1599"]
[BlackElo "1749"]
[PlyCount "116"]
[EventDate "2013.??.??"]
[EventType "swiss"]
[EventCountry "RUS"]
[SourceDate "2005.09.12"]

1. e4 e6 2. d4 g6 3. Nf3 Bg7 4. Bg5 Ne7 5. c3 O-O 6. Bd3 d6 7. Nbd2 Qd7 8. O-O
f6 9. Bh4 b6 10. Qe2 a5 11. Bb5 c6 12. Bc4 Ba6 13. Rac1 d5 14. exd5 Nxd5 15.
Rfe1 Re8 16. Bg3 Bxc4 17. Qxc4 b5 18. Qd3 Na6 19. Re2 Nac7 20. Nb3 Bh6 21. Nc5
Qf7 22. Rce1 Nf4 23. Bxf4 Bxf4 24. Re4 Bd6 25. Nb3 a4 26. Nc1 Qd7 27. Qe2 Re7
28. Nd3 Rae8 29. Nd2 Qc8 30. Qf3 Nd5 31. c4 f5 32. R4e2 Nf6 33. Ne5 Rc7 34. b3
Bb4 35. Rc1 c5 36. cxb5 Bxd2 37. Rxd2 cxd4 38. Rcd1 axb3 39. Qxb3 Rc3 40. Qb2
Rd8 41. h3 f4 42. Nf3 Rxf3 43. gxf3 e5 44. Kg2 Qb7 45. Qb3+ Kg7 46. a4 Rd5 47.
Kg1 Rc5 48. Rd3 Nd5 49. Qa3 Qa7 50. Kg2 Nc3 51. Rc1 Rc4 52. Qd6 Rxa4 53. Qxe5+
Kf8 54. Qxf4+ Kg7 55. Qe5+ Kh6 56. Qf4+ Kg7 57. Qe5+ Kh6 58. Qf4+ Kg7 1/2-1/2

[Event "Satka-255"]
[Site "Satka"]
[Date "2013.07.09"]
[Round "9"]
[White "Myakota, Sergei"]
[Black "Matveev, Vladimir"]
[Result "1/2-1/2"]
[WhiteElo "2049"]
[BlackElo "2345"]
[PlyCount "68"]
[EventDate "2013.??.??"]
[EventType "swiss"]
[EventCountry "RUS"]
[SourceDate "2005.09.12"]

1. Nf3 Nf6 2. c4 g6 3. Nc3 Bg7 4. g3 O-O 5. Bg2 d6 6. O-O Nc6 7. Rb1 e5 8. d3
Nh5 9. b4 Qd7 10. Nd5 f5 11. b5 Nd8 12. Nd2 Ne6 13. f4 exf4 14. gxf4 c6 15.
bxc6 bxc6 16. Nb4 Bb7 17. e3 a5 18. Nc2 Nc5 19. Nf3 Na4 20. Bd2 Nc5 21. Qe2
Rfe8 22. Nfd4 d5 23. cxd5 cxd5 24. Rb5 Ne6 25. Rfb1 Nxd4 26. Nxd4 Bxd4 27. Rxb7
Qe6 28. Qf2 Bxe3 29. Bxe3 Qxe3 30. Bxd5+ Kh8 31. Qxe3 Rxe3 32. Rf7 Rae8 33.
Rbb7 Re1+ 34. Kf2 R1e2+ 1/2-1/2

[Event "Satka-255"]
[Site "Satka"]
[Date "2013.07.09"]
[Round "9"]
[White "Looshnikov, Nikolai"]
[Black "Pleshakov, Anton"]
[Result "1-0"]
[WhiteElo "2491"]
[BlackElo "2071"]
[PlyCount "79"]
[EventDate "2013.??.??"]
[EventType "swiss"]
[EventCountry "RUS"]
[SourceDate "2005.09.12"]

1. e4 c5 2. Nf3 e6 3. c3 d5 4. exd5 Qxd5 5. d4 Nf6 6. Na3 Be7 7. Nb5 Na6 8. Be2
O-O 9. O-O Rd8 10. Be3 Bd7 11. c4 Qc6 12. a3 Qc8 13. Rc1 Bc6 14. Qc2 cxd4 15.
Bxd4 Nc5 16. b4 Be4 17. Qc3 Na4 18. Qe3 a6 19. Nc3 Nxc3 20. Rxc3 Bxf3 21. Bxf3
Ne8 22. Bb6 Nc7 23. Rd3 Rxd3 24. Qxd3 Ne8 25. Rd1 Nf6 26. c5 g5 27. Qd4 h6 28.
h4 Kh7 29. hxg5 hxg5 30. Rd3 Kg6 31. Qe5 g4 32. Bd1 Qc6 33. Rd4 Rh8 34. Bxg4
Qa4 35. Qg3 Ne4 36. Rxe4 Bg5 37. Re5 f6 38. Qd3+ Kf7 39. Bxe6+ Kg7 40. Bd7 1-0

[Event "Satka-255"]
[Site "Satka"]
[Date "2013.07.09"]
[Round "9"]
[White "Panov, Maksim"]
[Black "Sofyin, Pavel"]
[Result "1-0"]
[WhiteElo "2093"]
[BlackElo "2026"]
[PlyCount "107"]
[EventDate "2013.??.??"]
[EventType "swiss"]
[EventCountry "RUS"]
[SourceDate "2005.09.12"]

1. Nf3 d5 2. c4 c6 3. d4 Nf6 4. g3 Bf5 5. Bg2 e6 6. O-O Be7 7. Nc3 Nbd7 8. Nh4
Bg4 9. h3 Bh5 10. g4 Ng8 11. gxh5 Bxh4 12. cxd5 exd5 13. e4 dxe4 14. Nxe4 Ndf6
15. Re1 Ne7 16. h6 O-O 17. hxg7 Re8 18. Ng5 Ng6 19. Rxe8+ Qxe8 20. Be3 Kxg7 21.
Qb3 Qd7 22. Nf3 Re8 23. Rd1 Nd5 24. Ne5 Qf5 25. Bxd5 cxd5 26. Qxd5 Nxe5 27.
dxe5 Kh8 28. e6 Qg6+ 29. Kf1 Rxe6 30. Qxb7 Qf5 31. Qb8+ Kg7 32. Bd4+ Kh6 33.
Qb3 Bg5 34. Qd3 Qf4 35. Be3 Qh4 36. Bxg5+ Qxg5 37. Qd2 Qxd2 38. Rxd2 a6 39. b4
Kg5 40. a4 Rb6 41. Rb2 Kf5 42. b5 Ke6 43. a5 Rb8 44. bxa6 Ra8 45. Rb6+ Kd5 46.
Kg2 Ra7 47. Kg3 Ke5 48. Kg4 f5+ 49. Kf3 Ra8 50. h4 h5 51. Ke3 Ra7 52. Kd3 Kd5
53. f4 Ra8 54. Rf6 1-0

[Event "Satka-255"]
[Site "Satka"]
[Date "2013.07.09"]
[Round "9"]
[White "Semenova, Alena"]
[Black "Shelokov, Valery"]
[Result "1/2-1/2"]
[WhiteElo "1951"]
[BlackElo "1982"]
[PlyCount "59"]
[EventDate "2013.??.??"]
[EventType "swiss"]
[EventCountry "RUS"]
[SourceDate "2005.09.12"]

1. e4 d5 2. exd5 Qxd5 3. Nc3 Qd6 4. g3 Nc6 5. Bg2 Nf6 6. Nge2 Bf5 7. O-O O-O-O
8. d3 Kb8 9. a4 e5 10. Be3 Qd7 11. Ne4 Ng4 12. N2c3 Nxe3 13. fxe3 Bg4 14. Qd2
f6 15. Nf2 Be6 16. Qe2 h5 17. Qf3 Be7 18. a5 a6 19. Ra4 g5 20. h4 g4 21. Qe2 f5
22. Rb1 Nb4 23. Re1 Rde8 24. b3 Rhf8 25. Ncd1 Bg8 26. Qd2 Nc6 27. Nc3 f4 28.
exf4 exf4 29. Rxf4 Rxf4 30. Qxf4 1/2-1/2